Statistics for Countries Starting With I, J, K And L

Click here to take the quiz!

General Stats

  • This quiz has been taken 1,844 times
  • The average score is 22 of 27

Answers on the Map

Answers color-coded by a green-red scale on the quiz's map according to % correct below.
 

Answer Stats

Country% Correct
India
95%
Indonesia
92%
Japan
89%
Iran
87%
Ireland
87%
Jamaica
87%
Kazakhstan
87%
Lithuania
87%
Iceland
86%
Iraq
86%
Latvia
86%
Laos
85%
Jordan
84%
Italy
81%
Kenya
81%
Libya
81%
Liberia
80%
Luxembourg
80%
Kyrgyzstan
79%
Liechtenstein
79%
Kiribati
78%
Israel
77%
Lesotho
77%
Kosovo
75%
Lebanon
74%
Kuwait
71%
Ivory Coast
59%

Score Distribution

Percentile by Number Answered

Percent of People with Each Score

Your Score History

You have not taken this quiz